Land use change : science, policy and management

Αποθηκεύτηκε σε:
Λεπτομέρειες βιβλιογραφικής εγγραφής
Άλλοι συγγραφείς: Aspinall, Richard, 1956- (Επιμελητής έκδοσης), Hill, Michael J., 1953- (Επιμελητής έκδοσης)
Μορφή: Βιβλίο
Γλώσσα:English
Δημοσίευση: Boca Raton, FL : CRC Press, c2008.
Θέματα:
Ετικέτες: Προσθήκη ετικέτας
Δεν υπάρχουν, Καταχωρήστε ετικέτα πρώτοι!

MARC

LEADER 00000cam a2200000 i 4500
001 1/92949
008 080902s2008 flu| ||| |||| ||eng||
020 |a 9781420042962   |q (σκληρό εξώφυλλο) 
020 |a 1420042963   |q (σκληρό εξώφυλλο) 
035 |l 10099814 
040 |a GR-MyUa  |b gre  |e AACR2 
041 0 |a eng 
082 7 |a 333.7313   |2 (22) 
245 0 0 |a Land use change :   |b science, policy and management /   |c edited by Richard J. Aspinall, Michael J. Hill. 
260 |a Boca Raton, FL :   |b CRC Press,   |c c2008. 
300 |a xxvii, 185 σ. [16] σ. φύλλα πινάκων :   |b εικ. (μερ. έγχρ.), χάρτες (μερ. έγχρ.) ;   |c 25 εκ. 
504 |a Περιέχει βιβλιογραφικές παραπομπές και ευρετήριο. 
650 0 |a Land use  |x Environmental aspects. 
650 0 |a Land use  |x Management. 
650 0 |a Land use  |x Case studies. 
700 1 |a Aspinall, Richard,   |d 1956-  |4 edt 
700 1 |a Hill, Michael J.,   |d 1953-  |e edt 
852 |a INST  |b LESVOS  |e 20080902  |h 333.7313 LAN  |p 005100042076  |q 005100042076  |t BK  |y 0 
901 |a BIBL1-2008-3 
922 |a 1ΕΛΗ  |b 200803  |c ΕΠΕΑΕΚ2/ΤΓ  |d ΕΛΕΥΘΕΡΟΥΔΑΚΗΣ 
970 |a ΓΙΑΛΑΜΑ  |b ΜΑΡΙΑ  |z 2008/09/02